Fini les paroles : PNL - Statistiques

Statistiques générales
  • Ce quiz a été pris 558 fois
  • Le résultat moyen est 14 sur 30
Statistiques - réponses
Chansons Nombre de mots manquants Paroles Réponse % Correct
J’comprends pas 1 Si on se tue, je compte pas les balles qui s'perdent La vie, c'est chelou, j'la baise, y a pas de mystère Igo, j'deviens méchant, pas de Jasmine pour... Jafar
91%
Luz de Luna 1 Ça va comme tous les jours, j'ai l'démon faut l'tempérer
J'vois qu't'es bien entouré
Ouais, mais quand j'étais dans l'trou...
Personne
82%
Naha 2 C'est avec c'te merde que la mif' grailleOn pourra pas dire qu'on est condamnés La lumière on la voit que depuis... Cette année
77%
Le monde ou rien 1 La famille a faim pas l'temps d'raconter ma life, trêve de balivernes J'veux pas d'calin, j'suis qu'un glaçon sous string ficelle Oh, non mais oh, elle m'a pris pour qui pour... Romeo?
75%
À l’ammoniaque 1 Ma vie, ma vie Pourquoi petite fleur a fané? Elle était belle loin de la... Jungle
71%
Hasta la vista 2 J'commence avec des pompes sur les poings soleil plein enculé T-shirt Dior, j'crois qu'il manque plus que la vue sur la mer, enculé J'hésite entre un verre de Jack ou bien un... Coca fraise
70%
Mexico 2 Pas d'conte de fée, le Clochard ne plaît pas à la Belle Pétasse on t’raccroche quand le ient-cli appelle Ce genre de cassos qui drague une Anglaise... En espagnol
59%
Jusqu'au dernier gramme 1 Pas de temps à donner ou à perdre Baba m'a dit faut du douze Faut scier l'canon pour la... Guerre
56%
Shenmue 5 Elle casse les couilles, je casse mon tél' Et j'me me casse faire un tour, j'tire sur mon pét' Pour mes rêves... La Terre est trop petite
56%
Onizuka 2 QLF ne cherche pas d'alliés Eh zut, la vie est bonne, bonne à niquer Ils vendent leur cul... Leur mère
55%
Lion 3 En contrat avec le Sheitan, sœur faut qu'j'le résilie Tu veux d'la haine? Tiens la mienne, j'te la définis Si j'te fais des cœurs c'est qu'j'kiffe ton boule... Dans le bikini
50%
J'suis QLF 2 Tu touches, on touche le salaire Igo, on fait c'qu'on peut, toi reste en chien, toi reste en chienne Majeur traverse... Le ciel
49%
Blanka 3 J'ai peur un peu pour moi, beaucoup pour toi J'essaie de m'adoucir mais l'humain m'rend noir Il reste quelques gens biens... Je garde espoir
47%
Au DD 2 J'sors de chez toi, j'reprends ta voiture mal garée puis j'retire ton PV J'recherche un billet, des affaires, des plans dans la planque, un peu trop peiné J'fais un bisou à mes cafards dans la cave du six, les... Pectoraux gainés
46%
Bené 2 Ce soir je vais me balader, je vais me rouler un pookie Onizuka kabyle putin d'peace Je dis adieu la bicrave, la mère à la flicaille... Algérie Corsica
45%
Sur paname 1 J'laisse pas une pièce pour tes fesses Tu veux d'la punch, suce ma bite J'rap ma vie, pas celle de ces... Bitchs
44%
Deux frères 1 Esprit de gosse caché derrière le V Pris d'ambition en stagnant d'vant L.V Salaire de bacqueux chaque soir dans les... Nike
42%
Capuche 2 Et je tords l'âme d'une gow de dingue J'écoule des milliers de vingt J'vois des Z sur toutes... Les mains
40%
Zoulou tchaing 3 Comme ça j'vois mieux la monnaie arriver Comme ça j'vois mieux les haineux arriver Avec une belle âme en... Train de chavirer
38%
Déconnecté 4 État che-lou, dur à diagnostiquer Igo, j'pense aux autres, c'est peut-être c'qui me tue J'pense peu à moi... Mon bonheur est têtu
36%
Uranus 3 J't'abîme m'abîme, j'dois t'oublier J'suis le djin de mon djin, j'suis bousillé J'crache tous mes sentiments... Sous le rocher
34%
Recherche du bonheur 1 J'essaie d'pas trop penser, y'a qu'la haine qui n'm'a pas déçu J'ai pas le temps d'me branler, j'te ken et j'te crache dessus J'porte pas la cravate, ni l'... Noeud-papillon
33%
La misère est si belle 4 Khey, hey, toute l'année je les aime J'rêve d'un avenir heureux pour eux Car au fond sourire... Nous va à merveille
30%
MOWGLI II 3 Sur la Terre, j'ai brûlé mes ailes, coco dans ton zen J'suis déter', j'pourrais tous les ken, pour les vies que j'aime J'suis qu'du gang, droit dans la rétine dans... Un monde hostile
29%
Tempête 4 J'fais plein de souvenirs, j'retourne au charbon Ouais, j'souris, ma vie, ça s'emmerde J'roule une, niaks, j'sors le... Doigt en l'air
27%
Je vis je visser 4 J'kiffe voir la misère s'élever, j'me suis fatigué à rêver J'me repose sur les faits, ouais bientôt j'me refais J'te laisse L, j'prends le V, l'... Enfer m'est réservé
26%
Tahia 1 Si t'es Z', Tarte' zoo, DZ, igo tous des zen Dans l'action, j'leurs déploie mes ailes J'prie et j'finis... Seul
24%
Obligés de prendre 2 Pas d'grands discours on sait qu'la rue est muette La tête dans un nuage de fumée Pas d'lumière juste une... Clope allumée
22%
Lala 4 J'perce pas car j'ai pas une voix de miel Et les minettes, j't'en parle même pas J'trouve pas la bonne j'vois... Des tonnes de chiennes
17%
Sibérie 1 Des fois j't'en veux d'pas avoir été là quand j'étais rienJ'veux vivre comme un lion sans avoir connu les règles En ayant connu mon... Cœur
14%
Aucun quiz correspondant
Distribution des résultats
% des personnes avec chaque résultat
Percentile par nombre de réponses
Votre historique - résultats
Vous n’avez pas pris ce quiz